000 00640nam a2200241Ia 4500
003 OSt
005 20220918214437.0
006 a|||||r|||| 00| 0
007 ta
008 220917b |||||||| |||| 00| 0 eng d
024 _a137,566
037 _cTextual
040 _aARTS
_cARTS
_beng
041 _2eng
_aeng
082 _aXM3, N2
100 _aBeilharz Peter
_9112284
245 0 _aLabour's Utopias
_b Bolshevism, fabianism, social democracy
260 _aLondon
_bRoutledge
_c1992
300 _axi,168p.
_ccm.
650 _aECONOMICS
942 _hXM3, N2
_cTEXL
_2CC
999 _c260646
_d260646